An introduction to physical measurements (Record no. 1132)

MARC details
000 -LEADER
fixed length control field 00617nam a2200193Ia 4500
003 - CONTROL NUMBER IDENTIFIER
control field IN-BaIIA
008 - FIXED-LENGTH DATA ELEMENTS--GENERAL INFORMATION
fixed length control field 211028s9999 xx 000 0 eng d
040 ## - CATALOGING SOURCE
Transcribing agency IIA Library
080 ## - UNIVERSAL DECIMAL CLASSIFICATION NUMBER
Universal Decimal Classification number 53.08
Item number KOH
100 ## - MAIN ENTRY--PERSONAL NAME
Personal name Kohlrausch, F.
9 (RLIN) 2381
245 #3 - TITLE STATEMENT
Title An introduction to physical measurements
Remainder of title with appendices on absolute electrical measurement
Statement of responsibility, etc. F Kohlrausch
260 ## - PUBLICATION, DISTRIBUTION, ETC.
Place of publication, distribution, etc. London
Name of publisher, distributor, etc. J & A Churchill
Date of publication, distribution, etc. 1873
300 ## - PHYSICAL DESCRIPTION
Extent xii, 249p.
650 ## - SUBJECT ADDED ENTRY--TOPICAL TERM
Topical term or geographic name entry element Archives
650 ## - SUBJECT ADDED ENTRY--TOPICAL TERM
Topical term or geographic name entry element Electrical measurements
9 (RLIN) 2382
650 ## - SUBJECT ADDED ENTRY--TOPICAL TERM
Topical term or geographic name entry element Measurements
9 (RLIN) 2383
650 ## - SUBJECT ADDED ENTRY--TOPICAL TERM
Topical term or geographic name entry element NASA thesaurus
942 ## - ADDED ENTRY ELEMENTS (KOHA)
Koha item type Books
Holdings
Withdrawn status Lost status Damaged status Not for loan Home library Current library Shelving location Date acquired Total Checkouts Full call number Barcode Date last seen Price effective from Koha item type
        IIA Library-Bangalore IIA Library-Kodaikanal General Stacks     53.08/ KOH 1191 05/11/2021   Books

Powered by Koha